| 000 | 00469nam a22002057a 4500 | ||
|---|---|---|---|
| 001 | 22208 | ||
| 005 | 20260408141724.0 | ||
| 008 | 260408b |||||||| |||| 00| 0 spa d | ||
| 041 | _aESP | ||
| 082 |
_a741.2 _bD241 |
||
| 100 |
_aMartín, Gabriel _eAUT |
||
| 245 | _aDibujo de luz y sombra | ||
| 260 |
_a : _b , _c2018 |
||
| 300 |
_a159 páginas : _b ; _c30 cm. |
||
| 440 | _a ; | ||
| 650 | _aBAR | ||
| 654 | _aCAU | ||
| 700 | _a; | ||
| 942 |
_cLIB _dJUS _fJUS _n0 _2ddc |
||
| 999 |
_c22208 _d22208 |
||